| 000 | 00462nam a2200169Ia 4500 | ||
|---|---|---|---|
| 003 | GCL | ||
| 008 | 140319s9999 xx 000 0 eng d | ||
| 040 |
_aGCL / _cGCL |
||
| 082 | 0 | 4 |
_a420 _bC T |
| 100 | 1 | _aCRYSTAL, DAVID | |
| 245 | 1 | 0 |
_aTHE CAMBRIDGE ENCYCLOPEDIA OF THE ENGLISH LANGUAGE / _cCRYSTAL, DAVID |
| 260 |
_a[S.N] : _bCAMBRIDGE UNIVERSITY PRESS ، _c1995 |
||
| 300 | _a489 | ||
| 650 | 0 | 4 | _aLINGUISTICS |
| 650 | 0 | 4 | _aENGLISH LANGUAGE |
| 942 |
_2ddc _cBK |
||
| 999 |
_c11826 _d11826 |
||